000 00569cam a22002051 4500
001 he 68002811
003 DLC
005 20260227111503.0
008 841212s1967 is 000 0 heb
010 _ahe 68002811
035 _a(OCoLC)19209493
040 _aDLC
_cMH
_dCU
_dDLC
042 _apremarc
050 0 0 _aPJ5054.S36
_bL3
100 2 _aShaḳi-Arazi, Ester.
245 1 3 _aha-Lailah ha-zoher :
_bshirim /
_cEster Shʼaḳi-Arazi.
260 _a[Tel Aviv] :
_bMaḥbarot le-sifrut,
_c[1967 or 1968]
300 _a53 p. ;
_c19 cm.
752 _aIsrael
_dTel Aviv
999 _c33705
_d33705